Detalles MARC
| 000 -LEADER |
| fixed length control field |
01600nam a22003617a 4500 |
| 003 - CONTROL NUMBER IDENTIFIER |
| control field |
OSt |
| 005 - DATE AND TIME OF LATEST TRANSACTION |
| control field |
20210825115721.0 |
| 007 - PHYSICAL DESCRIPTION FIXED FIELD--GENERAL INFORMATION |
| fixed length control field |
ta |
| 008 - FIXED-LENGTH DATA ELEMENTS--GENERAL INFORMATION |
| fixed length control field |
210226b 2020 dr f00| 0 spad |
| 020 ## - INTERNATIONAL STANDARD BOOK NUMBER |
| International Standard Book Number |
9789945092769 |
| 040 ## - CATALOGING SOURCE |
| Original cataloging agency |
DO-SdBNP |
| Language of cataloging |
spa |
| Transcribing agency |
BPMSU |
| 082 ## - DEWEY DECIMAL CLASSIFICATION NUMBER |
| Classification number |
306.097293 |
| Item number |
S718d, 2020 |
| Edition number |
22 |
| 100 1# - MAIN ENTRY--PERSONAL NAME |
| Personal name |
Soto Jiménez, José Miguel, |
| Dates associated with a name |
1956- |
| 245 10 - TITLE STATEMENT |
| Title |
Dominicaneando : |
| Remainder of title |
ensayo tríptico para el bosquejo de una dominicanidad inavertida / |
| Statement of responsibility, etc. |
José Miguel Soto Jiménez ; edición al cuidado de Sócrates Suaso Ruiz |
| 246 14 - VARYING FORM OF TITLE |
| Title proper/short title |
Dominicaneando : |
| Remainder of title |
los tres nombres del después de siempre. |
| 250 ## - EDITION STATEMENT |
| Edition statement |
2a. ed. corregida y aumentada. |
| 260 ## - PUBLICATION, DISTRIBUTION, ETC. (IMPRINT) |
| Place of publication, distribution, etc. |
Santo Domingo : |
| Name of publisher, distributor, etc. |
Edita Libros, |
| Date of publication, distribution, etc. |
2020. |
| 300 ## - PHYSICAL DESCRIPTION |
| Extent |
572 p. ; |
| Dimensions |
23 cm. |
| 500 ## - GENERAL NOTE |
| General note |
Incluye datos biográficos del autor en las solapas |
| 500 ## - GENERAL NOTE |
| General note |
Incluye índice onomástico |
| 504 ## - BIBLIOGRAPHY, ETC. NOTE |
| Bibliography, etc |
Bibliografía : p. 529-547 |
| 590 ## - LOCAL NOTE (RLIN) |
| Local note |
Inventariado, 2021/VM<br/><br/> |
| 650 #4 - SUBJECT ADDED ENTRY--TOPICAL TERM |
| Topical term or geographic name as entry element |
Identidad cultural |
| Geographic subdivision |
República Dominicana |
| Form subdivision |
Ensayos, conferencias, etc. |
| 650 #4 - SUBJECT ADDED ENTRY--TOPICAL TERM |
| Topical term or geographic name as entry element |
Religiosidad popular |
| Geographic subdivision |
República Dominicana |
| Form subdivision |
Ensayos, conferencias, etc. |
| 650 #4 - SUBJECT ADDED ENTRY--TOPICAL TERM |
| Topical term or geographic name as entry element |
Literatura dominicana |
| General subdivision |
Crítica e interpretación |
| 651 #4 - SUBJECT ADDED ENTRY--GEOGRAPHIC NAME |
| Geographic name |
República Dominicana |
| General subdivision |
Historia |
| Form subdivision |
Ensayos, conferencias, etc. |
| 651 #4 - SUBJECT ADDED ENTRY--GEOGRAPHIC NAME |
| Geographic name |
República Dominicana |
| General subdivision |
Vida social y costumbres |
| Form subdivision |
Ensayos, conferencias, etc. |
| 651 #4 - SUBJECT ADDED ENTRY--GEOGRAPHIC NAME |
| Geographic name |
República Dominicana |
| General subdivision |
Condiciones sociales |
| Form subdivision |
Ensayos, conferencias, etc. |
| 651 #4 - SUBJECT ADDED ENTRY--GEOGRAPHIC NAME |
| Geographic name |
República Dominicana |
| General subdivision |
Civilización |
| Form subdivision |
Ensayos, conferencias, etc. |
| Geographic subdivision |
|
| 700 1# - ADDED ENTRY--PERSONAL NAME |
| Personal name |
Suaso Ruiz, Sócrates, |
| Relator term |
edición |
| 910 ## - USER-OPTION DATA (OCLC) |
| User-option data |
Vmateo V. |
| 942 ## - ADDED ENTRY ELEMENTS (KOHA) |
| Source of classification or shelving scheme |
Dewey Decimal Classification |
| Koha item type |
Libros |